| 000 | 00565cam a2200205 i 4500 | ||
|---|---|---|---|
| 001 | 16342199 | ||
| 005 | 20240229045030.0 | ||
| 008 | 100721s2004 ii b 000 0 eng | ||
| 040 |
_aDLC _beng _cDLC _dDLC _erda |
||
| 082 |
_222 _a323. _bPOL. |
||
| 100 | 1 | _aPratap, Vijay. | |
| 245 | 1 | 0 |
_aPolitics, morality, identity : _ban intimate quest / _cVijay Pratap . |
| 250 | _aFirst edition. | ||
| 260 |
_aNew Delhi : _bVasudhaiva Kutumbakam / _c2004. |
||
| 300 | _a85 pages ; | ||
| 650 | 0 | _aDemocracy | |
| 650 | 0 | _aSocialism | |
| 700 | 1 |
_aJha, Rajesh K., _eedt |
|
| 942 | _cL | ||
| 999 |
_c519 _d519 |
||